<?xml version="1.0" encoding="UTF-8"?><?xml-stylesheet type="text/xsl" href="static/style.xsl"?><OAI-PMH xmlns="http://www.openarchives.org/OAI/2.0/" xmlns:xsi="http://www.w3.org/2001/XMLSchema-instance" xsi:schemaLocation="http://www.openarchives.org/OAI/2.0/ http://www.openarchives.org/OAI/2.0/OAI-PMH.xsd"><responseDate>2026-04-17T11:51:21Z</responseDate><request verb="GetRecord" identifier="oai:www.recercat.cat:10256/22915" metadataPrefix="marc">https://recercat.cat/oai/request</request><GetRecord><record><header><identifier>oai:recercat.cat:10256/22915</identifier><datestamp>2024-05-22T11:35:58Z</datestamp><setSpec>com_2072_452966</setSpec><setSpec>com_2072_2054</setSpec><setSpec>col_2072_452968</setSpec></header><metadata><record xmlns="http://www.loc.gov/MARC21/slim" xmlns:dcterms="http://purl.org/dc/terms/" xmlns:xsi="http://www.w3.org/2001/XMLSchema-instance" xmlns:doc="http://www.lyncode.com/xoai" xsi:schemaLocation="http://www.loc.gov/MARC21/slim http://www.loc.gov/standards/marcxml/schema/MARC21slim.xsd">
   <leader>00925njm 22002777a 4500</leader>
   <datafield ind2=" " ind1=" " tag="042">
      <subfield code="a">dc</subfield>
   </datafield>
   <datafield ind2=" " ind1=" " tag="720">
      <subfield code="a">Alburnà, Sara</subfield>
      <subfield code="e">author</subfield>
   </datafield>
   <datafield ind2=" " ind1=" " tag="260">
      <subfield code="c">2021</subfield>
   </datafield>
   <datafield ind2=" " ind1=" " tag="520">
      <subfield code="a">Per tal de saber com es comunica la realitat a través de la fotografia i com es plasmen els diferents punts de vista subjectius, s’ha iniciat un treball d’investigació que parteix d’una recerca bibliogràfica on s’estudien referents com J. Berger i R. Barthes, que reflexionen al voltant de la percepció de la fotografia, d’una banda des de la perspectiva&#xd;
de la persona que fa la fotografia i de l’altra, des de la persona espectadora. A més, s’indaga en l’evolució de la fotografia analògica cap a la digital.&#xd;
També s’investiga el context i el fotollibre, que és un recurs idoni per recollir una obra fotogràfica, per la seva capacitat de crear una narrativa i connectar amb les persones espectadores. A partir del projecte pràctic es crea “La ciutat coneguda”, un fotollibre amb fotografies de la ciutat de Girona, que posen de manifest els resultats obtinguts.&#xd;
Finalment, es conclou que la fotografia pot transmetre punts de vista subjectius d’una mateixa realitat</subfield>
   </datafield>
   <datafield ind2=" " ind1=" " tag="520">
      <subfield code="a">In order to know how reality is communicated through photography and how the different subjective points of view are reflected, a research work has been started, which is based on a bibliographic research where referents such as J. Berger and R. Barthes&#xd;
are studied. These authors reflect on the perception of photography from two points of view, on the one hand from the perspective of the photographer and on the other hand from the perspective of the viewer. The study also investigates the evolution from analog&#xd;
to digital photography.&#xd;
The context and the photobook are also investigated as an ideal resource for collecting a photographic work and for their ability to create a narrative and connect with viewers. In the practical project part "La ciutat coneguda" (The known city) is created, a photobook with photographs of the city of Girona, which prove the results obtained. Finally, it is concluded that photography can transmit subjective views of the same reality</subfield>
   </datafield>
   <datafield ind1="8" ind2=" " tag="024">
      <subfield code="a">http://hdl.handle.net/10256/22915</subfield>
   </datafield>
   <datafield tag="653" ind2=" " ind1=" ">
      <subfield code="a">Fotografia</subfield>
   </datafield>
   <datafield tag="653" ind2=" " ind1=" ">
      <subfield code="a">Photography</subfield>
   </datafield>
   <datafield tag="653" ind2=" " ind1=" ">
      <subfield code="a">Llibres de fotografies</subfield>
   </datafield>
   <datafield tag="653" ind2=" " ind1=" ">
      <subfield code="a">Photobooks</subfield>
   </datafield>
   <datafield tag="653" ind2=" " ind1=" ">
      <subfield code="a">Imatges fotogràfiques</subfield>
   </datafield>
   <datafield tag="653" ind2=" " ind1=" ">
      <subfield code="a">Images, Photographic</subfield>
   </datafield>
   <datafield tag="653" ind2=" " ind1=" ">
      <subfield code="a">Fotografia -- Girona</subfield>
   </datafield>
   <datafield tag="653" ind2=" " ind1=" ">
      <subfield code="a">Photography -- Girona</subfield>
   </datafield>
   <datafield ind2="0" ind1="0" tag="245">
      <subfield code="a">La subjectivitat de la fotografia: el fotollibre com a experiència</subfield>
   </datafield>
</record></metadata></record></GetRecord></OAI-PMH>